Langues de Guyane - Statistiques

Statistiques générales
  • Ce quiz a été pris 133 fois
  • Le résultat moyen est 9 sur 15
Statistiques - réponses
Hint Réponse % Correct
Langue officielle Français
99%
Créoles (base lexicale française) Créole {guyanais}
86%
Langues asiatiques Chinois
81%
Langues d'origine européenne Anglais du Guyana
80%
Créoles (base lexicale française) Créole {haïtien}
78%
Créoles (base lexicale française) Créole {martiniquais}
78%
Langues d'origine européenne Espagnol
77%
Créoles (base lexicale française) Créole {guadeloupéen}
76%
Langues d'origine européenne Portugais du Brésil
72%
Langues d'origine européenne Néerlandais du Surinam
56%
Langues amérindiennes (citez en une) Kalina | Wayampi | Palikur | Wayana | Teko | Arawak
27%
Langues asiatiques Hmong
24%
Langues créoles (base lexicale anglaise) Saamaka
19%
Langues créoles (base lexicale anglaise) Aluku | Ndyuka | Pamaka
13%
Langues créoles (base lexicale anglaise) Sranan Tongo
4%
Aucun quiz correspondant
Distribution des résultats
% des personnes avec chaque résultat
Percentile par nombre de réponses
Votre historique - résultats
Vous n’avez pas pris ce quiz